000 00401nam a2200133Ia 4500
008 100328s9999 xx 000 0 und d
082 _b17460
100 _aशेखर
245 _aजन्म कैद के बाद
260 _bशिक्षा भारती
630 _aजन्म कैद के बाद
730 _aजन्म कैद के बाद
942 _cBOOK
999 _c512032
_d512029